[Event "Adelaide Interclub-A"]
[Site "Adelaide"]
[Date "2010.06.01"]
[Round "5.1"]
[White "Zaric, Srboljub"]
[Black "Juszczynski, Mathew"]
[Result "1-0"]
[WhiteElo "1997"]
[BlackElo "1881"]
[PlyCount "57"]
[EventDate "2010.05.04"]
[EventType "team-tourn"]
[EventRounds "9"]
[EventCountry "AUS"]
[SourceTitle "EXT 2023"]
[Source "ChessBase"]
[SourceDate "2022.10.05"]
[SourceVersion "1"]
[SourceVersionDate "2022.10.05"]
[SourceQuality "1"]

1. e4 c5 2. Nf3 d6 3. Bb5+ Bd7 4. Bxd7+ Qxd7 5. 0-0 Nc6 6. Re1 g6 7. c3 Bg7 8. d3 e6 9. Nbd2 Nge7 10. Nf1 0-0 11. Be3 f5 12. Qd2 b5 13. Bh6 d5 14. Bxg7 Kxg7 15. exd5 Qxd5 16. Qe2 Kf6 17. Ne3 Qd6 18. d4 c4 19. Ne5 Rfd8 20. Qf3 Nd5 21. Re2 Nxe3 22. Rxe3 Ne7 23. Qf4 Kg7 24. Rh3 Ng8 25. Qg5 Rf8 26. Re1 Rae8 27. Rxh7+ Kxh7 28. Qxg6+ Kh8 29. Re3 1-0

[Event "Adelaide Interclub-A"]
[Site "Adelaide"]
[Date "2010.05.25"]
[Round "4.1"]
[White "Sykes, Alexander K"]
[Black "Zaric, Srboljub"]
[Result "1/2-1/2"]
[WhiteElo "1923"]
[BlackElo "1997"]
[PlyCount "20"]
[EventDate "2010.05.04"]
[EventType "team-tourn"]
[EventRounds "9"]
[EventCountry "AUS"]
[SourceTitle "EXT 2023"]
[Source "ChessBase"]
[SourceDate "2022.10.05"]
[SourceVersion "1"]
[SourceVersionDate "2022.10.05"]
[SourceQuality "1"]

1. e4 e5 2. Bc4 Nf6 3. d3 Nc6 4. Nc3 Bb4 5. Nge2 d5 6. exd5 Nxd5 7. 0-0 Nb6 8. Bb5 0-0 9. f4 exf4 10. Bxf4 Nd4 1/2-1/2

[Event "Pennant-chT"]
[Site "Adelaide"]
[Date "2009.09.22"]
[Round "2.1"]
[White "Zulfic, Fedja"]
[Black "Zaric, Srboljub"]
[Result "1-0"]
[WhiteElo "1901"]
[BlackElo "2001"]
[PlyCount "65"]
[EventDate "2009.09.15"]
[EventType "team-tourn"]
[EventRounds "7"]
[EventCountry "AUS"]
[SourceTitle "EXT 2023"]
[Source "ChessBase"]
[SourceDate "2022.10.05"]
[SourceVersion "1"]
[SourceVersionDate "2022.10.05"]
[SourceQuality "1"]

1. d4 Nf6 2. c4 g6 3. Nf3 Bg7 4. Nc3 0-0 5. e4 d6 6. Be3 c6 7. Be2 Nbd7 8. 0-0 e5 9. dxe5 dxe5 10. Qc2 Qc7 11. Nd2 Re8 12. b4 Nf8 13. c5 Ne6 14. Nc4 Nd4 15. Qb2 Nxe2+ 16. Qxe2 Be6 17. Nd6 Rf8 18. f3 Nh5 19. a4 Qe7 20. b5 Rad8 21. Rfd1 f5 22. Rab1 fxe4 23. Ncxe4 h6 24. bxc6 bxc6 25. Rb7 Rd7 26. Rdb1 Rfd8 27. Qa6 Bd5 28. Qxa7 Nf4 29. Rxd7 Rxd7 30. Rb7 Rxb7 31. Qxb7 Qh4 32. Bf2 Qh5 33. Ne8 1-0

[Event "Pennant-chT"]
[Site "Adelaide"]
[Date "2009.09.15"]
[Round "6.1"]
[White "Zaric, Srboljub"]
[Black "Sykes, Alexander K"]
[Result "1/2-1/2"]
[WhiteElo "2001"]
[BlackElo "1844"]
[PlyCount "37"]
[EventDate "2009.09.15"]
[EventType "team-tourn"]
[EventRounds "7"]
[EventCountry "AUS"]
[SourceTitle "EXT 2023"]
[Source "ChessBase"]
[SourceDate "2022.10.05"]
[SourceVersion "1"]
[SourceVersionDate "2022.10.05"]
[SourceQuality "1"]

1. e4 d6 2. d4 Nf6 3. Nc3 g6 4. Bg5 c6 5. Qd2 b5 6. Bd3 a6 7. Nge2 Nbd7 8. Ng3 c5 9. dxc5 Nxc5 10. Bxf6 exf6 11. 0-0 Bb7 12. Rad1 h5 13. Nd5 Bh6 14. Qe2 h4 15. Nh1 Rc8 16. f4 0-0 17. Qg4 f5 18. exf5 Bxd5 19. fxg6 1/2-1/2

[Event "Adelaide Freytag op"]
[Site "Adelaide"]
[Date "2009.07.04"]
[Round "3"]
[White "Zaric, Srboljub"]
[Black "Chapman, Mark"]
[Result "0-1"]
[WhiteElo "2020"]
[BlackElo "2290"]
[PlyCount "68"]
[EventDate "2009.07.04"]
[EventType "swiss"]
[EventRounds "7"]
[EventCountry "AUS"]
[SourceTitle "EXT 2023"]
[Source "ChessBase"]
[SourceDate "2022.10.05"]
[SourceVersion "1"]
[SourceVersionDate "2022.10.05"]
[SourceQuality "1"]

1. e4 c5 2. Nf3 d6 3. d4 cxd4 4. Nxd4 Nf6 5. Nc3 Nc6 6. Bg5 e6 7. Qd2 a6 8. 0-0-0 h6 9. Bxf6 Qxf6 10. f4 Nxd4 11. Qxd4 Qxf4+ 12. Kb1 Bd7 13. Qb6 Bc6 14. Bc4 Be7 15. Rhf1 Qe5 16. Nd5 Bd8 17. Nc7+ Bxc7 18. Qxc7 0-0 19. Qxd6 Qxd6 20. Rxd6 Bxe4 21. g3 Rfd8 22. Rfd1 Rxd6 23. Rxd6 Bc6 24. Bd3 Kf8 25. c4 Ke7 26. c5 a5 27. a3 a4 28. Rd4 Ra5 29. Bc2 f5 30. Rc4 Kf6 31. Kc1 e5 32. Kd2 e4 33. Kc3 Bd5 34. Rxa4 Rxc5+ 0-1

[Event "Adelaide Queen's Birthday op"]
[Site "Adelaide"]
[Date "2009.06.06"]
[Round "3"]
[White "Lutley, Philip"]
[Black "Zaric, Srboljub"]
[Result "0-1"]
[WhiteElo "1678"]
[BlackElo "2020"]
[PlyCount "78"]
[EventDate "2009.06.06"]
[EventType "swiss"]
[EventRounds "6"]
[EventCountry "AUS"]
[SourceTitle "EXT 2023"]
[Source "ChessBase"]
[SourceDate "2022.10.05"]
[SourceVersion "1"]
[SourceVersionDate "2022.10.05"]
[SourceQuality "1"]

1. e4 c5 2. Nf3 Nc6 3. Bb5 g6 4. 0-0 Bg7 5. c3 Nf6 6. Bxc6 dxc6 7. Re1 0-0 8. e5 Nd5 9. d4 cxd4 10. cxd4 Qb6 11. Nc3 Bg4 12. Re4 Bf5 13. Re1 Rad8 14. Na4 Qc7 15. Nc5 b6 16. Na6 Qb7 17. Qa4 Bc8 18. Nb4 Nxb4 19. Qxb4 Be6 20. Bf4 Bd5 21. Re3 Rd7 22. Rd1 Rfd8 23. Ng5 c5 24. Qe1 e6 25. f3 cxd4 26. Rxd4 Bxa2 27. Rd6 Bd5 28. Nxh7 Rxd6 29. exd6 Rc8 30. Qh4 f5 31. Nf6+ Bxf6 32. Qxf6 Qf7 33. Qh4 Rc1+ 34. Kf2 Rc2+ 35. Kg3 e5 36. Rxe5 Be6 37. Qd8+ Kg7 38. Re2 Rxe2 39. Bh6+ Kxh6 0-1

[Event "Adelaide Interclub-A"]
[Site "Adelaide"]
[Date "2009.05.26"]
[Round "4.1"]
[White "Sykes, Alexander K"]
[Black "Zaric, Srboljub"]
[Result "0-1"]
[WhiteElo "1883"]
[BlackElo "2020"]
[PlyCount "60"]
[EventDate "2009.05.05"]
[EventType "team-tourn"]
[EventRounds "9"]
[EventCountry "AUS"]
[SourceTitle "EXT 2023"]
[Source "ChessBase"]
[SourceDate "2022.10.05"]
[SourceVersion "1"]
[SourceVersionDate "2022.10.05"]
[SourceQuality "1"]

1. d4 d5 2. c4 e6 3. Nc3 c6 4. Nf3 Nf6 5. Bg5 h6 6. Bxf6 Qxf6 7. Qb3 Nd7 8. e4 dxe4 9. Nxe4 Qd8 10. 0-0-0 Nf6 11. Bd3 Be7 12. Rhe1 Qa5 13. d5 cxd5 14. Nxf6+ Bxf6 15. cxd5 0-0 16. d6 Bd7 17. Bc2 Rac8 18. Qd3 Rxc2+ 19. Kxc2 Qxa2 20. Rb1 Rc8+ 21. Kd2 Rc5 22. Ke3 Rd5 23. Qc2 Qa6 24. Red1 Qb6+ 25. Ke2 Qxd6 26. Rxd5 Qxd5 27. Rd1 Qb5+ 28. Ke1 Bc6 29. Nd4 Bxd4 30. Rxd4 Qe5+ 0-1

[Event "Adelaide Checkmate op"]
[Site "Adelaide"]
[Date "2008.07.06"]
[Round "7"]
[White "Saint, Andrew"]
[Black "Zaric, Srboljub"]
[Result "0-1"]
[WhiteElo "1922"]
[BlackElo "2101"]
[PlyCount "46"]
[EventDate "2008.07.05"]
[EventType "swiss"]
[EventRounds "7"]
[EventCountry "AUS"]
[SourceTitle "EXT 2023"]
[Source "ChessBase"]
[SourceDate "2022.10.05"]
[SourceVersion "1"]
[SourceVersionDate "2022.10.05"]
[SourceQuality "1"]

1. d4 Nf6 2. Nf3 d5 3. Bg5 Nbd7 4. Nbd2 c6 5. c3 Qb6 6. Qc2 e6 7. e3 c5 8. Be2 a5 9. 0-0 Be7 10. Ne5 Nxe5 11. dxe5 Ng8 12. Bxe7 Nxe7 13. c4 Bd7 14. g4 Bc6 15. f4 0-0-0 16. cxd5 Nxd5 17. Nc4 Qc7 18. Nd6+ Rxd6 19. exd6 Qxd6 20. Qd2 Nxf4 21. Rfd1 Nh3+ 22. Kf1 Qxh2 23. Bf3 Qg1+ 0-1

[Event "Adelaide Interclub-A"]
[Site "Adelaide"]
[Date "2008.06.17"]
[Round "8.1"]
[White "Zaric, Srboljub"]
[Black "Zulfic, Fedja"]
[Result "1-0"]
[WhiteElo "2101"]
[BlackElo "1862"]
[PlyCount "107"]
[EventDate "2008.04.29"]
[EventType "team-tourn"]
[EventRounds "9"]
[EventCountry "AUS"]
[SourceTitle "EXT 2010"]
[Source "ChessBase"]
[SourceDate "2010.11.25"]
[SourceVersion "1"]
[SourceVersionDate "2010.11.25"]
[SourceQuality "1"]

1. c4 c5 2. Nc3 Nc6 3. g3 g6 4. Bg2 Bg7 5. Nh3 e6 6. 0-0 Nge7 7. Nf4 0-0 8. Rb1 b6 9. a3 Bb7 10. b4 d6 11. e3 Rb8 12. Qc2 Ne5 13. Ne4 d5 14. cxd5 exd5 15. Ng5 cxb4 16. d4 Nc4 17. axb4 Rc8 18. Qa2 a6 19. h4 b5 20. Nd3 Qb6 21. Nc5 Rc7 22. Nh3 Ra8 23. Nf4 a5 24. bxa5 Rxa5 25. Qe2 Ba8 26. Nfd3 Rca7 27. Nb4 Ra1 28. Bb2 Rxb1 29. Rxb1 Rc7 30. Ra1 Bb7 31. Ra2 Nxb2 32. Rxb2 Rc8 33. Nxb7 Qxb7 34. Nd3 Rc4 35. Rb3 Qa6 36. Qb2 Qa4 37. Bf1 Nf5 38. Rxb5 Bf8 39. Rxd5 Qd1 40. Qe2 Qb3 41. Rd8 Rc2 42. Qf3 Qb6 43. Qa8 Qc7 44. Rxf8+ Kg7 45. Rg8+ Kh6 46. Qf3 Ne7 47. Rf8 Nd5 48. Qxd5 f6 49. Rf7 Qc8 50. Qe4 Qg8 51. Qf4+ g5 52. Qxf6+ Kh5 53. Rxh7+ Kg4 54. Ne5# 1-0

[Event "Adelaide Interclub-A"]
[Site "Adelaide"]
[Date "2008.06.03"]
[Round "6.1"]
[White "Zaric, Srboljub"]
[Black "Kerr, Bill"]
[Result "1/2-1/2"]
[WhiteElo "2101"]
[BlackElo "1958"]
[PlyCount "73"]
[EventDate "2008.04.29"]
[EventType "team-tourn"]
[EventRounds "9"]
[EventCountry "AUS"]
[SourceTitle "EXT 2010"]
[Source "ChessBase"]
[SourceDate "2010.11.25"]
[SourceVersion "1"]
[SourceVersionDate "2010.11.25"]
[SourceQuality "1"]

1. e4 Nc6 2. Nf3 d6 3. h3 e5 4. Nc3 g6 5. Bc4 Be6 6. Bxe6 fxe6 7. d4 exd4 8. Nxd4 Qf6 9. Nxc6 bxc6 10. 0-0 Bg7 11. Qe2 Ne7 12. Be3 a5 13. Rad1 Rb8 14. Bc1 0-0 15. Qa6 Qe5 16. a3 Ra8 17. Qc4 d5 18. Qc5 Qd6 19. Na4 Rfb8 20. Bg5 Nc8 21. b3 Rb5 22. Qe3 d4 23. Qc1 Qe5 24. Bf4 Qxe4 25. Bxc7 Ne7 26. Rde1 Qf5 27. Nb6 Ra7 28. a4 Rc5 29. Bd6 Rxc2 30. Qa3 d3 31. Bxe7 Bd4 32. Qd6 Bxb6 33. Bh4 Ra8 34. Rxe6 Rf8 35. g4 Qf3 36. Rxg6+ hxg6 37. Qxg6+ 1/2-1/2

[Event "Adelaide Interclub-A"]
[Site "Adelaide"]
[Date "2008.05.27"]
[Round "5.1"]
[White "Zorkovic, Ante"]
[Black "Zaric, Srboljub"]
[Result "0-1"]
[WhiteElo "1506"]
[BlackElo "2101"]
[PlyCount "52"]
[EventDate "2008.04.29"]
[EventType "team-tourn"]
[EventRounds "9"]
[EventCountry "AUS"]
[SourceTitle "EXT 2010"]
[Source "ChessBase"]
[SourceDate "2010.11.25"]
[SourceVersion "1"]
[SourceVersionDate "2010.11.25"]
[SourceQuality "1"]

1. e4 e6 2. Bc4 d5 3. exd5 exd5 4. Bb3 c6 5. d4 Bd6 6. Nf3 Bg4 7. h3 Bh5 8. Be3 Nf6 9. Nc3 b5 10. a3 Nbd7 11. Qe2 0-0 12. Qd3 Re8 13. Ne2 Qc7 14. c3 Bg6 15. Qd1 Nb6 16. Nd2 Re6 17. Bc2 Rae8 18. Bxg6 hxg6 19. 0-0 Nc4 20. Nxc4 dxc4 21. Re1 Qe7 22. Qc1 Nd5 23. Qd2 Nxe3 24. fxe3 Rxe3 25. Kf1 Bh2 26. Ng1 Bxg1 0-1

[Event "Adelaide Checkmate op"]
[Site "Adelaide"]
[Date "2007.07.07"]
[Round "2"]
[White "Wedding, Robin"]
[Black "Zaric, Srboljub"]
[Result "0-1"]
[WhiteElo "1856"]
[BlackElo "2144"]
[PlyCount "100"]
[EventDate "2007.07.07"]
[EventType "swiss"]
[EventRounds "7"]
[EventCountry "AUS"]
[SourceTitle "EXT 2010"]
[Source "ChessBase"]
[SourceDate "2010.11.25"]
[SourceVersion "1"]
[SourceVersionDate "2010.11.25"]
[SourceQuality "1"]

1. e4 c5 2. c3 Nf6 3. e5 Nd5 4. Nf3 Nc6 5. Bc4 e6 6. 0-0 Nb6 7. Bb3 d6 8. exd6 Bxd6 9. d4 0-0 10. Qe2 cxd4 11. cxd4 Nd5 12. Nc3 Nxc3 13. bxc3 Qa5 14. Bb2 Qh5 15. Rfe1 Bd7 16. Rad1 Na5 17. Ne5 Qxe2 18. Rxe2 Bb5 19. c4 Ba6 20. Rc2 Rfd8 21. d5 Rac8 22. Rcd2 Bxe5 23. Bxe5 Nxc4 24. Bxc4 Bxc4 25. d6 Bd5 26. f3 f6 27. Bg3 Kf7 28. Rb1 Rd7 29. Kf2 Rc5 30. Rbd1 b5 31. Ke3 b4 32. Rb1 a5 33. Kd4 Rc4+ 34. Ke3 Rc3+ 35. Ke2 Bc4+ 36. Ke1 e5 37. Bf2 Bd3 38. Rbd1 Rxd6 39. Bb6 Rxb6 40. Rxd3 Rxd3 41. Rxd3 a4 42. Kd2 Ke6 43. Kc2 Rd6 44. Re3 Rd4 45. a3 b3+ 46. Kb2 Rd2+ 47. Kc3 Rc2+ 48. Kd3 Rxg2 49. Re4 b2 50. Rb4 Kf5 0-1

[Event "Adelaide Checkmate op"]
[Site "Adelaide"]
[Date "2007.07.07"]
[Round "3"]
[White "Zaric, Srboljub"]
[Black "West, Guy"]
[Result "1/2-1/2"]
[WhiteElo "2144"]
[BlackElo "2291"]
[PlyCount "65"]
[EventDate "2007.07.07"]
[EventType "swiss"]
[EventRounds "7"]
[EventCountry "AUS"]
[SourceTitle "EXT 2010"]
[Source "ChessBase"]
[SourceDate "2010.11.25"]
[SourceVersion "1"]
[SourceVersionDate "2010.11.25"]
[SourceQuality "1"]

1. e4 d5 2. exd5 Nf6 3. Nc3 Nxd5 4. Bc4 Nb6 5. Be2 Nc6 6. Nf3 e5 7. 0-0 Bd6 8. Re1 0-0 9. a4 a5 10. d3 Re8 11. Be3 Bf5 12. Ne4 Nd5 13. Nxd6 Qxd6 14. Nh4 Bd7 15. Bg4 Rad8 16. Bg5 f6 17. Bd2 Bxg4 18. Qxg4 Nd4 19. Rac1 b6 20. Nf5 Qd7 21. Nh6+ Kf8 22. Qxd7 Rxd7 23. Ng4 Kf7 24. Kf1 Red8 25. Ne3 Nf4 26. Nc4 Nfe6 27. Bc3 Nc5 28. Bxd4 Rxd4 29. b3 e4 30. dxe4 Nxe4 31. Re3 Nc5 32. Rce1 R8d7 33. Nb2 1/2-1/2

[Event "Wch Seniors 16th"]
[Site "Arvier"]
[Date "2006.09.18"]
[Round "7"]
[White "Ofstad, Per"]
[Black "Zaric, Srboljub"]
[Result "1-0"]
[WhiteElo "2151"]
[BlackElo "2241"]
[PlyCount "123"]
[EventDate "2006.09.11"]
[EventType "swiss"]
[EventRounds "11"]
[EventCountry "ITA"]
[SourceTitle "CBM 114 Extra"]
[Source "ChessBase"]
[SourceDate "2006.11.03"]
[SourceVersion "1"]
[SourceVersionDate "2006.11.03"]
[SourceQuality "1"]

1. e4 c5 2. c3 Nf6 3. e5 Nd5 4. g3 d6 5. exd6 Qxd6 6. Bg2 Nc6 7. Na3 Nf6 8. Nc4 Qc7 9. Ne2 e5 10. 0-0 Be6 11. Qa4 Bd7 12. Qc2 Be7 13. b4 cxb4 14. d4 Rc8 15. dxe5 Nxe5 16. Nxe5 Qxe5 17. Bf4 Qb5 18. Rfe1 Qa6 19. Qb2 bxc3 20. Nxc3 b6 21. Nd5 Be6 22. Nc7+ Rxc7 23. Bxc7 0-0 24. Be5 Qa4 25. Qd4 Qc2 26. Rec1 Qe2 27. Re1 Qh5 28. Qf4 Ng4 29. h3 Nxe5 30. Rxe5 Qg6 31. Be4 Qf6 32. Rd1 Qxf4 33. gxf4 Bf6 34. Rb5 Bxh3 35. Bxh7+ Kxh7 36. Rh5+ Kg6 37. Rxh3 Kf5 38. Rd7 Kxf4 39. Rxa7 Bd4 40. Kg2 Bf6 41. Rb3 Rb8 42. Rb5 Ke4 43. a4 Kd3 44. a5 Bd4 45. axb6 Rxb6 46. Rxb6 Bxb6 47. Rxf7 Bd4 48. Kf3 Bf6 49. Rd7+ Kc4 50. Ke4 Kc5 51. Kf5 Kc6 52. Rd1 Kc5 53. Ke6 Bd4 54. Rc1+ Kb5 55. f4 Be3 56. Rf1 Kc5 57. f5 Kd4 58. Rh1 Ke4 59. Rh4+ Kf3 60. Kf7 Kg3 61. Ra4 Bh6 62. Kg6 1-0

[Event "Wch Seniors 15th"]
[Site "Lignano Sabbiadoro"]
[Date "2005.10.07"]
[Round "9"]
[White "Akopian, Gagik"]
[Black "Zaric, Srboljub"]
[Result "1-0"]
[WhiteElo "2258"]
[BlackElo "2265"]
[PlyCount "41"]
[EventDate "2005.09.28"]
[EventType "swiss"]
[EventRounds "11"]
[EventCountry "ITA"]
[SourceTitle "CBM 108 Extra"]
[Source "ChessBase"]
[SourceDate "2005.11.04"]
[SourceVersion "1"]
[SourceVersionDate "2005.11.04"]
[SourceQuality "1"]

1. e4 e6 2. d4 d5 3. Nc3 dxe4 4. Nxe4 Qd5 5. Nc3 Bb4 6. Nf3 Nf6 7. Bd3 b6 8. 0-0 Bxc3 9. bxc3 Bb7 10. Ba3 Nbd7 11. Re1 0-0-0 12. c4 Qa5 13. Bb2 Rhe8 14. a4 Qh5 15. Be2 Qg6 16. a5 Ne5 17. axb6 axb6 18. Ra7 Ne4 19. d5 exd5 20. Nxe5 Kb8 21. Qa1 1-0

[Event "Adelaide-ch"]
[Site "Adelaide"]
[Date "2005.07.26"]
[Round "3"]
[White "Amini, Amer"]
[Black "Zaric, Srboljub"]
[Result "0-1"]
[WhiteElo "1724"]
[BlackElo "2187"]
[PlyCount "80"]
[EventDate "2005.07.12"]
[EventType "swiss"]
[EventRounds "7"]
[EventCountry "AUS"]
[SourceTitle "EXT 2010"]
[Source "ChessBase"]
[SourceDate "2010.11.25"]
[SourceVersion "1"]
[SourceVersionDate "2010.11.25"]
[SourceQuality "1"]

1. d4 d5 2. c4 e6 3. Nc3 c6 4. e4 dxe4 5. Nxe4 Bb4+ 6. Nc3 e5 7. a3 Ba5 8. Be3 exd4 9. Qxd4 Nf6 10. Qxd8+ Bxd8 11. Nf3 0-0 12. Be2 Re8 13. h3 Nbd7 14. 0-0 Nf8 15. c5 Ne6 16. Nd2 Nd5 17. Nxd5 cxd5 18. Nf3 Bf6 19. Rfd1 d4 20. Nxd4 Nxd4 21. Bxd4 Rxe2 22. Bxf6 gxf6 23. Rd8+ Kg7 24. b4 a5 25. Rad1 axb4 26. axb4 Rb2 27. R1d4 Ra1+ 28. Kh2 Be6 29. Rb8 Rxf2 30. Kg3 Raa2 31. Rxb7 Rxg2+ 32. Kf3 Rh2 33. Rg4+ Bxg4+ 34. hxg4 f5 35. gxf5 Rhc2 36. Rb6 Rc4 37. c6 Ra3+ 38. Ke2 Rc2+ 39. Kd1 Rh2 40. f6+ Kg6 0-1